Statistics for All Lana Del Rey Songs

Click here to take the quiz!

General Stats

  • This quiz has been taken 5,595 times
  • The average score is 83 of 162

Answer Stats

Answer% Correct
Born To Die
94%
Ultraviolence
90%
Honeymoon
87%
Lust For Life
85%
Norman fucking Rockwell
85%
Summertime Sadness
84%
Chemtrails Over The Country Club
80%
Video Games
80%
Blue Banisters
78%
Blue Jeans
78%
Brooklyn Baby
77%
Love
76%
Ride
76%
West Coast
76%
Cherry
74%
Did you know that there's a tunnel under Ocean Blvd
74%
Radio
74%
Art Deco
73%
National Anthem
73%
Cinnamon Girl
72%
Dark Paradise
72%
Carmen
71%
Cola
71%
Off To The Races
71%
Salvatore
71%
A&W
70%
Lolita
70%
Sad Girl
70%
Snow On The Beach
70%
Venice Bitch
70%
Diet Mountain Dew
69%
Happiness is a butterfly
69%
Stargirl Interlude
69%
Doin' Time
67%
Let The Light In
67%
Pretty When You Cry
67%
Mariners Apartment Complex
66%
Black Beauty
65%
The Other Woman
65%
Young And Beautiful
65%
High By The Beach
64%
Margaret
64%
Million Dollar Man
64%
Peppers
64%
Shades Of Cool
64%
Cruel World
63%
Florida Kilos
63%
hope is a dangerous thing for a woman like me to have - but I have it
63%
The Grants
63%
Dealer
62%
Freak
62%
Sweet
62%
This Is What Makes Us Girls
62%
Yayo
62%
Music To Watch Boys To
61%
Old Money
61%
White Dress
61%
24
60%
California
60%
Candy Necklace
60%
Taco Truck x VB
60%
White Mustang
60%
Gods & Monsters
59%
Money Power Glory
59%
American
58%
Bartender
58%
Beautiful
58%
Fucked My Way Up To The Top
58%
Fuck it I love you
58%
Get Free
58%
Guns And Roses
58%
Love song
58%
Paris, Texas
58%
Summer Bummer
58%
Swan Song
58%
The greatest
58%
Arcadia
57%
Text Book
57%
Blue Velvet
56%
Fishtail
56%
13 Beaches
55%
Bel Air
55%
Groupie Love
55%
How to disappear
55%
Grandfather please stand on the shoulders of my father while he's deep sea fishing
54%
Heroin
54%
The Blackest Day
54%
Thunder
54%
Religion
53%
Terrence Loves You
53%
Tulsa Jesus Freak
53%
Body Electric
52%
Don't Call Me Angel
52%
Lucky Ones
52%
Without You
52%
The Next Best American Record
51%
Beautiful People Beautiful Problems
50%
Black Bathing Suit
50%
Coachella - Woodstock In My Mind
50%
Fingertips
50%
Kintsugi
50%
God Knows I Tried
47%
Violets for Roses
47%
When The World Was At War We Kept Dancing
47%
Burning Desire
46%
Change
46%
Cherry Blossom
46%
Don't Let Me Be Misunderstood
46%
In My Feelings
46%
Living Legend
46%
Sweet Carolina
46%
Yosemite
46%
God Bless America - And All The Beautiful Women In It
45%
Interlude - The Trio
45%
Tomorrow Never Came
45%
Wildflower Wildfire
45%
Jon Batiste Interlude
44%
Dark But Just A Game
43%
For Free
43%
Let Me Love You Like A Woman
43%
Burnt Norton - Interlude
41%
If You Lie Down With Me
41%
Nectar Of The Gods
41%
Wild At Heart
41%
Dance Till We Die
40%
Judah Smith Interlude
40%
Breaking Up Slowly
38%
Kill Kill
34%
Not All Who Wander Are Lost
34%
Once Upon A Dream
33%
Watercolor Eyes
33%
Season Of The Witch
31%
Put Me In A Movie
29%
Prisoner
28%
Looking For America
25%
Queen of the Gas Station
25%
Smarty
25%
Mermaid Motel
22%
For K, Pt. 2
21%
Buddy's Rendezvous
20%
Big Eyes
19%
Gramma (Blue Ribbon Sparkler Trailer Heaven)
19%
Pawn Shop Blues
19%
Wait For Life
17%
God Save Our Young Blood
16%
Jump
16%
Brite Lites
15%
Hallucinogenics
15%
Woman
15%
Oh Say Can You See
14%
Raise Me Up (Mississippi South)
13%
Dayglo Reflection
12%
I'll Be Home For Christmas
12%
Secret Life
12%
I Can Fly
11%
Riverside
11%
You Must Love Me
11%
Big Spender
9%
Blue Madonna
9%
Summertime The Gershwin Version
9%
You'll Never Walk Alone
9%

Score Distribution

Percentile by Number Answered

Percent of People with Each Score

Your Score History

You have not taken this quiz